| 000 | 01984nas a2200337 a 4500 | ||
|---|---|---|---|
| 001 | 107960 | ||
| 003 | DR-UNIBE | ||
| 005 | 20250717162431.0 | ||
| 007 | ta | ||
| 008 | 250512e2025 dr f||p|r||||||0| | spa d | ||
| 022 | _a2636-2260 (impreso) | ||
| 022 | _a2409-1553 (electrónico) | ||
| 040 |
_aBiblioteca UNIBE _cBiblioteca UNIBE _dDO-SdBNP _erda |
||
| 041 | _aspa | ||
| 245 | 0 | 0 |
_aRevista de investigación y evaluación educativa : (Revie) / _cInstituto Dominicano de Evaluación e Investigación de la Calidad Educativa, (IDEICE). |
| 264 |
_aSanto Domingo, República Dominicana : _bInstituto Dominicano de Evaluación e Investigación de la Calidad Educativa (IDEICE), _c2025. |
||
| 300 |
_avolúmenes : _bilustraciones, gráficos ; _c22 x 28 cm. |
||
| 310 | _aSemestral. | ||
| 336 |
_atexto _btxt _2rdacontent |
||
| 337 |
_asin mediación _bn _2rdamedia |
||
| 338 |
_avolumen _bnc _2rdacarrier |
||
| 362 | _aVolumen 12, número 1 (febrero 2025). | ||
| 520 | 3 | _aLa revista de investigación y evaluación educativa (Revie) es una publicación semestral del Instituto Dominicano de Evaluación e Investigación de la Calidad Educativa (IDEICE), dedicada a la difusión de investigaciones nacionales e internacionales en el ámbito educativo. Su objetivo es fomentar el análisis crítico, la innovación y la mejora continua en la educación mediante la publicación de estudios rigurosos. | |
| 650 | 7 |
_aEducación _xInvestigaciones _vPublicaciones periódicas _zRepública Dominicana _913544 _2lemb |
|
| 650 | 7 |
_aCalidad de la educación _vPublicaciones periódicas _zRepública Dominicana _95558 _2lemb |
|
| 650 | 7 |
_aEvaluación educativa _vPublicaciones periódicas _zRepública Dominicana _939634 _2lemb |
|
| 655 | 7 |
_2lemb _aPublicaciones periódicas _987420 |
|
| 710 |
_aRepública Dominicana. _bInstituto Dominicano de Evaluación e Investigación de la Calidad Educativa (IDEICE) _975730 |
||
| 856 | _uhttps://revie.gob.do/index.php/revie/issue/view/28 | ||
| 942 |
_2ddc _cISSUE |
||
| 999 |
_c58995 _d58995 |
||